[Event "Cannes team g/60"]
[Site "Cannes"]
[Date "1992.??.??"]
[Round "2"]
[White "Nunn, John DM"]
[Black "Timman, Jan H"]
[Result "0-1"]
[WhiteElo "2615"]
[BlackElo "2620"]
[Annotator "Knaak,R"]
[PlyCount "110"]
[EventDate "1992.02.??"]
[EventType "team"]
[EventRounds "6"]
[EventCountry "FRA"]
[SourceTitle "CBM 028"]
[Source "ChessBase"]
[SourceDate "1992.06.01"]
[SourceVersion "1"]
[SourceVersionDate "1992.06.01"]
[SourceQuality "1"]

1. e4 e6 2. d4 d5 3. Nc3 Bb4 4. e5 b6 5. a3 Bxc3+ 6. bxc3 Qd7 7. Nh3 (7. Qg4 $1
) 7... Ba6 8. Bxa6 Nxa6 9. Nf4 $6 {N} (9. Qg4 f5 $13) 9... O-O-O 10. a4 Ne7 11.
Qd3 Nb8 12. a5 Nec6 13. axb6 cxb6 14. O-O Na5 15. Nh5 Rhg8 $1 16. Qg3 (16. Qxh7
$2 Rh8 $19) 16... Nbc6 $15 17. Nxg7 Ne7 18. Bh6 Nf5 19. Nxf5 Rxg3 20. Nd6+ Qxd6
(20... Kb8 $2 21. fxg3 $1 f5 22. exf6 $1 Qxd6 23. Bf4 $18) 21. exd6 Rg6 22. Bf4
Kb7 23. Be5 Nc4 24. f4 f5 $1 (24... f6 25. f5 exf5 26. Bg3 $16) (24... Nxd6 25.
Bxd6 Rxd6 26. f5 $13) 25. g3 a5 26. Kf2 $6 Nd2 $1 27. Rfd1 Ne4+ 28. Ke3 Rh6 29.
c4 dxc4 30. d5 Nxd6 31. dxe6 Rxe6 32. Kf3 Nf7 33. Rxd8 Nxd8 34. g4 fxg4+ 35.
Kxg4 Nc6 36. Bh8 Re8 37. Bf6 Re2 38. c3 Rxh2 39. f5 Rf2 40. Re1 h5+ 41. Kg5 h4
42. Kg4 h3 43. Bh4 Rd2 44. Kxh3 a4 45. f6 Nd8 46. f7 Nxf7 47. Re7+ Ka6 48. Rxf7
a3 49. Rf8 Rd7 50. Rf1 Ka5 51. Kg4 Ka4 52. Kf5 a2 53. Ke6 Ra7 54. Kd5 Kb3 55.
Bf6 a1=Q 0-1

[Event "Tilburg"]
[Site "Tilburg"]
[Date "1990.09.14"]
[Round "7"]
[White "Kamsky, Gata"]
[Black "Seirawan, Yasser"]
[Result "1/2-1/2"]
[WhiteElo "2650"]
[BlackElo "2635"]
[Annotator "Knaak,R"]
[PlyCount "63"]
[EventDate "1990.09.??"]
[EventType "tourn"]
[EventRounds "14"]
[EventCountry "NED"]
[EventCategory "16"]
[SourceTitle "CBM 020"]
[Source "ChessBase"]
[SourceDate "1991.02.01"]
[SourceVersion "1"]
[SourceVersionDate "1991.02.01"]
[SourceQuality "1"]

1. e4 e6 2. d4 d5 3. Nc3 Bb4 4. e5 Qd7 5. Qg4 f5 6. Qg3 b6 7. a3 Bxc3+ 8. bxc3
Ba6 9. Bxa6 Nxa6 10. Ne2 Nb8 11. h4 (11. Nf4 $1 {/\ 12.Ne6}) 11... Nc6 12. Bg5
h6 13. Bc1 Qf7 14. Nf4 Nge7 15. h5 Na5 16. a4 Kd7 17. Ba3 Rhc8 18. Rh3 c5 19.
Qd3 Nc4 20. Rg3 Rc7 21. Bc1 Ke8 $2 22. Kf1 $2 (22. Rxg7 Qxg7 23. Nxe6 $18)
22... Rac8 23. Kg1 Rc6 24. Rb1 R8c7 25. Qe2 Kd8 26. dxc5 bxc5 27. Rb8+ Rc8 28.
Rb5 Ke8 29. Be3 Kf8 30. Bc1 Rb6 31. Ng6+ Ke8 32. Nh8 {1.40-1.51} 1/2-1/2

[Event "Geneve"]
[Site "Geneve"]
[Date "1990.??.??"]
[Round "7"]
[White "Chiburdanidze, Maia"]
[Black "Rogers, Ian"]
[Result "0-1"]
[WhiteElo "2500"]
[BlackElo "2535"]
[Annotator "Knaak,R"]
[PlyCount "98"]
[EventDate "1990.11.??"]
[EventType "tourn"]
[EventRounds "10"]
[EventCountry "SUI"]
[EventCategory "11"]
[SourceTitle "CBM 021"]
[Source "ChessBase"]
[SourceDate "1991.04.01"]
[SourceVersion "1"]
[SourceVersionDate "1991.04.01"]
[SourceQuality "1"]

1. e4 e6 2. d4 d5 3. Nc3 Bb4 4. e5 Qd7 5. Nf3 b6 6. h4 Ne7 7. h5 h6 8. Bd2 Bxc3
$1 {Rogers wartet nicht auf a3 oder Se2.} 9. bxc3 Ba6 10. Bxa6 Nxa6 11. a4 Nb8
12. Nh4 (12. a5 $5) 12... Nbc6 13. Qg4 Rg8 14. Qe2 O-O-O 15. O-O Na5 $15 16.
Bc1 Kb7 17. Ba3 Nec6 $1 {>< Ba3} 18. f4 g6 $1 19. hxg6 fxg6 20. Nf3 Nc4 21. Nh2
Qf7 22. Ng4 Rh8 23. Nf6 h5 24. Rf3 Nb8 25. Bc1 Nd7 26. Nxd7 Rxd7 27. Qd3 Qh7
28. Rg3 Rg8 29. Rg5 Rf7 30. Bd2 Rf5 31. Rf1 Qd7 32. Ra1 Rxg5 33. fxg5 Rf8 34.
g3 Qf7 35. Bf4 h4 36. Kg2 hxg3 37. Rf1 Rh8 38. Bxg3 Qh7 39. Rf6 Nb2 40. Qf3
Qh1+ 41. Kf2 Qc1 42. Rxe6 Nd1+ 43. Kf1 Rh1+ 44. Qxh1 Ne3+ 45. Ke2 Qxh1 46. Kxe3
Qh3 47. Rxg6 Qxg3+ 48. Kd2 Qf4+ 49. Kd1 Qe3 0-1

[Event "Dresden Uhlmann"]
[Site "Dresden"]
[Date "1995.??.??"]
[Round "3"]
[White "Knaak, Rainer"]
[Black "Portisch, Lajos"]
[Result "1/2-1/2"]
[WhiteElo "2540"]
[BlackElo "2585"]
[Annotator "Knaak,R"]
[PlyCount "101"]
[EventDate "1995.03.??"]
[EventType "tourn"]
[EventRounds "3"]
[EventCountry "GER"]
[EventCategory "12"]
[SourceTitle "CBM 046"]
[Source "ChessBase"]
[SourceDate "1995.06.01"]
[SourceVersion "1"]
[SourceVersionDate "1995.06.01"]
[SourceQuality "1"]

1. e4 e6 2. d4 d5 3. Nc3 Bb4 4. e5 b6 5. a3 Bf8 6. Bb5+ Bd7 7. Bd3 c5 8. Nf3
Nc6 9. O-O $14 a6 10. dxc5 (10. Re1 Nge7 11. Bg5 h6 12. Be3 cxd4 13. Bxd4 Nxd4
14. Nxd4 Nc6 15. Nxc6 Bxc6 16. Qg4 Qg5 17. Qe2 Bc5 18. Bxa6 O-O 19. Bb5 Bb7 20.
Na4 d4 21. g3 d3 22. Qxd3 Rfd8 23. Nxc5 Rxd3 24. Nxd3 Qg4 25. Re3 Qd4 26. a4 g5
27. c3 Qd5 28. f3 $44 {Mainka,R-Vaganian,R/Porz (07) ;CBM 31 1992/1/2-1/2 (70)}
) 10... bxc5 (10... Bxc5 11. b4 $16) 11. b3 {/\ Na4, c4} Nge7 12. Re1 Ng6 13.
Na4 Qc7 14. Qe2 $1 {>< Pa6} Nb8 15. Nb2 Be7 16. Bd2 (16. h4 $6 Bxh4 $1 $15)
16... Bc6 17. c4 d4 18. b4 (18. Be4 $5 $14) 18... Nd7 19. b5 Bxf3 $1 (19... Bb7
20. a4 $14) 20. Qxf3 Rb8 (20... O-O $6 21. Qh5 Ndxe5 22. Rxe5 Qxe5 23. Bxg6 $16
) 21. Bxg6 (21. Qg3 Bh4 $1) 21... hxg6 22. a4 O-O $1 $14 (22... Nxe5 $2 23.
Rxe5 Bf6 (23... Qxe5 24. Bf4 $18) 24. Nd3 Bxe5 25. Nxe5 $16) (22... Rh5 $6 23.
Nd3 $16) 23. Nd3 (23. Qe2 $5) 23... Rfc8 24. Qe2 Qb7 (24... Ra8 $5) 25. Nc1 $1
Ra8 26. Nb3 axb5 27. axb5 Rxa1 28. Rxa1 Ra8 29. Na5 $16 Qc7 30. f4 Bf8 31. Qe4
(31. h4 $5 {/\ Ra1-a3-h3, h4-h5}) 31... Nb6 32. Ra3 Qd7 {/\ 33...Rxa5} 33. Qe2
{/\ 34.h4} Be7 $1 34. g4 $6 f6 35. Rh3 fxe5 36. Qxe5 (36. fxe5 $2 Bg5 $1 $17)
36... d3 $5 37. Qe4 e5 $1 (37... Rxa5 $2 38. Bxa5 d2 39. Bxd2 Qxd2 40. Qxe6+
Kf8 41. Rh8#) 38. f5 $4 (38. fxe5 Rxa5 39. Bxa5 d2 40. Bxd2 Qxd2 $10) (38. Qxg6
$1 $16 Rxa5 (38... Qd4+ 39. Kg2) 39. Bxa5 d2 (39... Qd4+ 40. Kf1 Qxf4+ 41. Kg2
$18) 40. Bxd2 $18) 38... gxf5 39. gxf5 Qd4+ $5 (39... Rxa5 40. Bxa5 d2 41. Bxd2
Qxd2 42. Qxe5 $13) 40. Qxd4 cxd4 41. Rxd3 e4 42. Rb3 (42. Rxd4 $5 Bc5 43. Be3
Bxd4 (43... Kf7 $5 44. Rxe4 Bxe3+ 45. Rxe3 Rxa5 $13) 44. Bxd4 Rxa5 (44... Nxc4
45. Nxc4 Ra4 46. Kf2 Rxc4 47. Ke3 $10) 45. Bxb6 Ra4 46. c5 Rb4 47. c6 Rxb5 48.
c7 Rb1+ 49. Kf2 Rc1 50. Ke3 Rc4 $10) 42... d3 $15 (42... e3 43. Be1 $13) 43.
Kg2 Kf7 44. Rb1 Bc5 45. Nb3 Nxc4 46. Nxc5 Nxd2 47. Rb4 $1 Ra2 48. Kh3 Nc4 $1
49. Nxe4 (49. Rxc4 $2 d2 50. Rd4 e3 $19) 49... d2 50. Nxd2 (50. Nf2 Ra3+ $1 51.
Kh4 Rf3 52. Nd1 Rf1 (52... Ne3 $2 53. b6 Nxd1 54. b7 Nf2 55. b8=Q d1=Q 56. Rb7+
Kf6 57. Qf8+ Ke5 58. Re7+ Kf4 59. Qb8+ $18) 53. Rxc4 Rxd1 54. Rd4 $10) 50...
Nxd2 51. b6 (51. b6 Ra8 52. b7 Rb8 53. Kg3 Kf6 (53... Nf1+ 54. Kf2 Nxh2 55. Kg2
Ng4 56. Rxg4 Rxb7 $10) 54. Kf4 $10) 1/2-1/2

[Event "EU-ch 6th"]
[Site "Warsaw"]
[Date "2005.07.01"]
[Round "13"]
[White "Kritz, Leonid"]
[Black "Karlsson, Lars"]
[Result "0-1"]
[WhiteElo "2549"]
[BlackElo "2472"]
[Annotator "Kritz,L"]
[PlyCount "70"]
[EventDate "2005.06.18"]
[EventType "swiss"]
[EventRounds "13"]
[EventCountry "POL"]
[SourceTitle "CBM 108"]
[Source "ChessBase"]
[SourceDate "2005.09.26"]
[SourceVersion "1"]
[SourceVersionDate "2005.09.26"]
[SourceQuality "1"]

1. e4 e6 2. d4 d5 3. Nc3 Bb4 4. e5 b6 {Das ist eine eher seltene Variante, die
für Schwarz nicht empfehlenswert ist. Weiß kann auf mehrere Arten in Vorteil
kommen.} 5. Qg4 (5. a3 {ist eine gute Alternative} Bf8 6. f4 Qd7 (6... Ba6 $2
7. Bxa6 Nxa6 8. f5 $1 exf5 (8... Qd7 9. fxe6 fxe6 10. Qd3 Nb8 11. Nf3 $14) 9.
Qd3 Nb8 10. Qxf5 $14) 7. Nf3 Ba6 8. Bxa6 (8. Bd3 $5) 8... Nxa6 9. Qd3 Nb8 10.
O-O $14) 5... Bf8 6. h4 $5 {Ein selten gespielter Zug, aber trotzdem giftig.
Weiß beabsichtigt mittels h5 und dann evtl. h6 den schwarzen Königsflügel zu
schwächen.} (6. Nf3 {ist die "klassische Fortsetzung} Ba6 7. Bd3 Qd7 8. O-O
Bxd3 9. cxd3 Ne7 10. Bd2 $14) 6... Qd7 7. h5 Ba6 8. Bxa6 (8. Bd3 $5 {
Vielleicht wäre das eher im Sinne der Stellung gewesen. Grundsätzlich ist es
natürlich besser, die Läufer auf d3 zu tauschen, um die Bauernstruktur zu
verbessern und die c-Linie zu öffnen, aber andererseits will man immer Zeit
gewinnen, indem man den gegnerischen Springer auf a6 rauslockt und dann mit
der Dame angreift.} c5 (8... Bxd3 9. cxd3 Nc6 10. Be3 (10. Nf3 Nb4 $132) 10...
Nb4 11. O-O-O $14) 9. Nf3 Bxd3 {man kann die Spannung nicht ewig halten, da
der Springer b8 entwickelt werden muss} 10. cxd3 Nc6 11. dxc5 bxc5 12. O-O Nb4
(12... d4 13. Ne4 Nb4 14. Rd1 $16) 13. d4 Nc2 14. Rb1 Nxd4 15. Nxd4 cxd4 16.
Ne2 $14) 8... Nxa6 9. Qe2 (9. Be3 $5 Ne7 (9... Nb4 10. O-O-O Ne7 11. Nge2 Nf5
12. Ng3 Nxe3 13. fxe3 $14) 10. Nge2 Nf5 11. Ng3 Nxg3 (11... Nxe3 12. fxe3 f5
13. exf6 gxf6 14. e4 dxe4 15. Qxe4 $16) 12. Qxg3 Nb4 13. O-O-O O-O-O 14. Bg5
$14) 9... Nb8 10. h6 $5 {Ich bin nicht sicher, dass das die beste Lösung des
Problems ist. Man hätte versuchen können, die Stellung mit normalen Mitteln zu
behandeln:} (10. Be3 c5 (10... Nc6 11. O-O-O O-O-O 12. f4 Nh6 13. g4 $16) 11.
f4 Nc6 (11... cxd4 12. Bxd4 Nc6 13. Nf3 Nge7 14. O-O-O Nxd4 15. Nxd4 Nc6 16.
Ncb5 Nxd4 17. Nxd4 Bc5 18. Qg4 $14) 12. O-O-O (12. Nf3 Nh6 13. O-O-O Nf5 14.
Bf2 cxd4 15. Nxd4 Ncxd4 16. Bxd4 Ng3 $17) 12... cxd4 (12... Nh6 13. g4 cxd4 14.
Bxd4 Nxd4 15. Rxd4 $14) (12... Nge7 $2 13. dxc5 bxc5 14. Bxc5 $16) 13. Bxd4
Nxd4 14. Rxd4 Ne7 15. g4 (15. Nf3 $2 Nf5 16. Rd3 Ng3 $17) 15... Nc6 16. Rd1 Bb4
17. Rh3 $14) 10... Nxh6 11. Bxh6 gxh6 12. O-O-O Rg8 13. g3 Nc6 14. Qd3 $6 {
Die Idee von Weiß in dieser Stellung ist es, den Springer g1 nach f6 zu
überführen. Die Route ist e2-f4-h5-f6. Deswegen wollte ich das Feld e2 für den
Springer räumen. Aber wenn man davon ausgeht, dass der h7-Bauer nicht hängt,
wäre ein anderes Feld für die Dame besser gewesen, denn so gewinnt Schwarz
später ein wichtiges Tempo mit Nb4.} (14. Qf3 O-O-O 15. Nge2 $44) 14... O-O-O
15. Nf3 (15. Qxh7 Rg6 $1 {Das habe ich bei der Berechnung der Varianten
übersehen.} 16. Nf3 Bg7 17. Nh4 Rh8 18. Qxh8+ Bxh8 19. Nxg6 fxg6 20. Rxh6 Qe8
$17) (15. Nge2 {stolpert nun in} f6 $1 16. exf6 Rg6 17. Qf3 Qf7 $15) 15... Rg6
(15... f6 16. exf6 Qf7 17. Ne5 Nxe5 18. dxe5 $16) 16. Ne2 {Dann versucht eben
der anderer Springer nach f6 durchzudringen.} Nb4 $1 {Schwarz startet einen
gefährlichen Gegenangriff} 17. Qb3 c5 18. a3 (18. dxc5 bxc5 19. a3 c4 20. Qe3
Nc6 $15) 18... c4 19. Qe3 Nc6 20. Nf4 Rg4 21. Nh5 Re4 (21... Be7 22. Qxh6 c3
23. bxc3 Bxa3+ 24. Kd2 Na5 25. Nf6 Nc4+ 26. Ke2 Qb5 27. Nxg4 Nxe5+ 28. Rd3 (28.
Ke3 Nxg4+ $19) 28... Nxd3 (28... Nxg4 29. Qg7 f5 30. Rxh7 $18) 29. cxd3 Qb2+
30. Qd2 $18) 22. Qc3 Be7 23. Nf6 Bxf6 24. exf6 {Während der Partie hatte ich
das Gefühl, dass der schwarze Angriff nur eine Illusion ist, in Wirklichkeit
ist es nicht so.} b5 25. Rxh6 a5 26. Ne5 (26. Rxh7 $6 {sieht sehr gefährlich
aus, selbst wenn das geht, während der Partie traut man sich so was nicht.} b4
27. axb4 axb4 28. Qd2 Qa7 29. Kb1 Rd7 $1 $19 {/\ Qa6-Ra7}) 26... Nxe5 (26... b4
27. axb4 axb4 28. Nxd7 bxc3 29. Nc5 cxb2+ (29... Rxd4 30. Rxd4 cxb2+) 30. Kxb2
Rxd4 31. Rxd4 Nxd4 32. Rxh7 Rf8 33. g4 $14) 27. dxe5 Qa7 $1 28. Rxh7 b4 29. Qf3
$2 {Totaler Unsinn. Man musste sich mit Remis zufrieden geben. Ich wollte aber
immer noch gewinnen, wobei in der Stellung für Weiß nichts mehr drin ist.} (29.
axb4 axb4 30. Qxb4 $1 {sichert das Remis} Qa1+ (30... Rxe5 31. Qa3 $1 Qxa3 32.
bxa3 Rd7 33. g4 $16) 31. Kd2 Rd4+ 32. Kc3 (32. Ke3 Re4+ 33. Kf3 (33. Kd2 $11)
33... Qxd1+ 34. Kg2 Re1 (34... Qd4 $4 35. Rxf7 Rd7 36. Qf8+ Kc7 37. Qd6+ $18)
35. Qc5+ (35. Rxf7 Rg1+ 36. Kh2 Rh8+ $19) 35... Kb8 36. Qb6+ Kc8 37. Qc6+ $11)
32... Qxd1 33. Qc5+ Kb8 (33... Kb7 34. Rxf7+ Ka6 35. Ra7#) 34. Qb6+ (34. Qxd4
$2 Qe1+ 35. Qd2 d4+ $19) 34... Kc8 35. Qc6+ Kb8 36. Qb6+ $11) 29... Rxe5 30.
Rh5 $4 {Ein unglaublicher Fehler der die Partie endgültig verliert.} (30. g4 $5
bxa3 31. Qxa3 Re2 $15 (31... Qxf2 $2 32. Qxa5 Qxf6 33. Qa8+ Kd7 (33... Kc7 34.
Rxf7+ Qxf7 35. Qa7+ $18) 34. Qb7+ Ke8 35. Rdh1 $16)) 30... Rxh5 31. Qxh5 bxa3
32. bxa3 Rd7 $19 {Der weiße König ist so schwach, dass es eindeutig vorbei ist.
} 33. Qf3 Qc5 34. Kb2 c3+ 35. Ka2 Rb7 0-1

[Event "Biel GM 43rd"]
[Site "Biel"]
[Date "2010.07.23"]
[Round "5"]
[White "Negi, Parimarjan"]
[Black "Nguyen, Ngoc Truong Son"]
[Result "1/2-1/2"]
[WhiteElo "2615"]
[BlackElo "2617"]
[Annotator "Kritz,L"]
[PlyCount "43"]
[EventDate "2010.07.19"]
[EventType "tourn"]
[EventRounds "9"]
[EventCountry "SUI"]
[EventCategory "17"]
[SourceTitle "CBM 138"]
[Source "ChessBase"]
[SourceDate "2010.09.17"]
[SourceVersion "1"]
[SourceVersionDate "2010.09.17"]
[SourceQuality "1"]

1. e4 e6 2. d4 d5 3. Nc3 Bb4 4. e5 b6 {Eine seltene Variante, die vor einiger
Zeit populär war, dann aber wieder in der Versenkung verschwand.} 5. a3 Bxc3+ (
5... Bf8 {ist eindeutig keine gute Alternative. Weiß hat viele Spielweisen,
eine der solidesten ist 6.Bb5+.} 6. Bb5+ c6 7. Ba4 Ba6 8. Nce2 $1 Bb5 9. Bb3 c5
10. c3 $14 {Toth - Johansen (Sydney, 2007)}) 6. bxc3 Ne7 (6... Ba6 {Der
Versuch die Läufer gleich zu tauschen endet sehr schlecht:} 7. Bxa6 Nxa6 8. Qg4
$1 {Es ist wichtig, die Schwächung der schwarzen Felder zu provozieren:} g6 9.
Qe2 Nb8 10. c4 $16 {Die einzige weiße Schwäche - der Doppelbauer -
verschwindet und Schwarz hat nichts außer Schwierigkeiten.}) 7. Qg4 Ng6 (7...
Nf5 8. Bd3 h5 9. Qf3 c5 10. Ne2 {Weiß hatte eine überragende Stellung in El
Taher - Al Hadarani (Dubai, 2005).}) 8. h4 h5 {Soweit sind die Züge für beide
Seiten mehr oder weniger erzwungen gewesen. Nun hat Weiß die Wahl.} 9. Qd1 (9.
Qg3 $5 {ist ebenfalls gut spielbar.} Ba6 10. Bxa6 Nxa6 11. Qd3 Nb8 12. Bg5 {
Weiß gewinnt Zeit für die Entwicklung. Seine eigentliche Idee ist es, Ne2-Ng3
zu spielen und dann den Bauern h5 anzugreifen.} Qc8 13. Ne2 Qa6 14. Qf3 $1 {
Die Damen darf man auf keinen Fall tauschen.} Nd7 15. O-O $16 {Shirov -
Kristjansson (Izmir, 2004)}) 9... Ba6 $2 {Ein schlechter Zug. Details spielen
eine große Rolle in solchen riskanten Varianten. Man muss 9....Qd7 spielen.} (
9... Qd7 10. Bg5 (10. Bd3 Ba6 11. Ne2 Bxd3 12. cxd3 {Landa - Bauer (Ajaccio,
2007)} Ne7 $1 13. Ng3 g6 14. Bg5 Nbc6 $132 {Weiß muss erst noch zeigen, dass
er die Schwäche der schwarzen Felder ausnutzen kann.}) 10... Qc6 11. Qd2 Ba6
12. Bxa6 Nxa6 13. Ne2 Nb8 14. f4 Nd7 15. Qd3 Ngf8 16. f5 f6 17. fxe6 Nxe6 18.
exf6 gxf6 19. Bd2 $14 {Kritz - Bauer (Differdange, 2008)}) 10. Bxa6 Nxa6 11.
Bg5 Qd7 12. Ne2 Qa4 (12... Qc6 13. O-O Ne7 14. Qd3 Nb8 15. Ng3 Nd7 16. Qf3 g6
17. a4 $14 {Spraggett - Rodriguez (Buenos Aires, 2005)}) 13. O-O $2 {Alle
haben bislang so gespielt, doch der Zug vergibt den Vorteil. Weiß hat zwei
bessere Fortsetzungen.} (13. Ng3 Qc4 14. Qf3 $1 c5 15. Rd1 Nc7 16. Nxh5 Rh7 17.
Ng3 Nb5 18. h5 Ne7 19. Ne2 Nxa3 20. O-O $36 {Offensichtlich hat Weiß eine
starke Initiative am Königsflügel.}) (13. Rh3 Ne7 14. Nf4 g6 15. Bxe7 Kxe7 16.
Rf3 $14 {mit der Idee Nh3-Ng5.}) 13... Ne7 14. Nf4 (14. Bxe7 Kxe7 15. Nf4 Rac8
{Weiß kann nicht mal auf h5 nehmen, weil der Bauer h4 verloren geht. Man muss
festhalten, dass der Turm auf f1 schlechter steht als auf der h-Linie.} 16. Qd3
c5 $132 {Ramirez - Kelly (Bled, 2002)}) (14. Ng3 g6 15. Qf3 Rh7 16. Rac1 {
Wenn Weiß solche Züge machen muss, dann ist wohl alles klar.} Rc8 17. Rfd1 Nb8
18. Nf1 Nbc6 19. Ne3 Na5 $15 {Zhigalko - Kelly (Rethymnon, 2003)}) 14... g6 15.
Bxe7 Kxe7 16. Nh3 {Die Idee, den Springer nach g5 zu stellen ist gut, doch der
Springer alleine macht es nicht. Den Turm müsste man nach f3 stellen, aber das
schafft man jetzt zeitlich nicht mehr.} Raf8 17. Ng5 {Beide Seiten können
nicht mehr viel machen.} Nb8 18. Re1 (18. Qf3 $2 Qxc2 19. Qf6+ Kd7 $15 {
und es droht Qf5.}) 18... Nc6 {Richtige Entscheidung, der Springer reitet nach.
.. f5! Nicht nach c4.} 19. Re3 Ke8 20. Rf3 Ne7 21. Rf6 Nf5 22. g3 1/2-1/2